000 00773nam a2200193 a 4500
001 000023212
005 20200930022049.0
008 101130s1984 dr r 000 0 spa d
040 _aDO-SdBNP
_bspa
_cBNPHU
082 _axxx
_bC678o
100 1 _aCohen, Benjamín J.
_945780
245 1 3 _aLa organización del dinero en el mundo :
_bla economía política de las relaciones monetarias internacionales /
_cBenjamín J. Cohen ; traducción de Roberto Ramón Reyes Manzzoni y Rubén Pimentel Rogelio.
260 _aMéxico :
_bFondo de Cultura Económica,
_c1984.
300 _a343 p. ;
_c21 cm.
500 _aIncluye referencia al pie de páginas
700 1 _aReyes Manzzoni , Roberto Ramón
_etr.
_947790
700 1 _aPimentel Rogelio, Rubén
_etr.
_947791
049 _aBNGR
999 _c22709
_d22709